Prakrata jagadvalaya: prakrata kannada samskrata bhashegala anusandhana (Record no. 122850)
[ view plain ]
| 000 -LEADER | |
|---|---|
| fixed length control field | 02185nam a2200193Ia 4500 |
| 003 - CONTROL NUMBER IDENTIFIER | |
| control field | OSt |
| 005 - DATE AND TIME OF LATEST TRANSACTION | |
| control field | 20251114103412.0 |
| 008 - FIXED-LENGTH DATA ELEMENTS--GENERAL INFORMATION | |
| fixed length control field | 210210b2018 xxu||||| |||| 00| 0 eng d |
| 040 ## - CATALOGING SOURCE | |
| Transcribing agency | AL |
| 041 ## - LANGUAGE CODE | |
| Language code of text/sound track or separate title | Kannada |
| 082 ## - DEWEY DECIMAL CLASSIFICATION NUMBER | |
| Classification number | K494 SHEP |
| 100 ## - MAIN ENTRY--PERSONAL NAME | |
| Personal name | SHETTAR (Sha) |
| 9 (RLIN) | 215476 |
| Dates associated with a name | ಷ. ಶೆಟ್ಟರ್ |
| 245 ## - TITLE STATEMENT | |
| Title | Prakrata jagadvalaya: prakrata kannada samskrata bhashegala anusandhana |
| Remainder of title | ಪ್ರಾಕೃತ ಜಗದ್ವಲಯ : ಪ್ರಾಕೃತ ಕನ್ನಡ ಮತ್ತು ಸಂಸ್ಕೃತ ಭಾಷೆಗಳ ಅನುಸಂಧಾನ |
| 260 ## - PUBLICATION, DISTRIBUTION, ETC. | |
| Place of publication, distribution, etc. | Bengaluru |
| Name of publisher, distributor, etc. | Abhinav Prakashan |
| Date of publication, distribution, etc. | 2018 |
| 300 ## - PHYSICAL DESCRIPTION | |
| Extent | xxvii,213 |
| 520 ## - SUMMARY, ETC. | |
| Summary, etc. | ಪ್ರಾಕೃತ ಜಗದ್ವಲಯ ಕೃತಿಯಲ್ಲಿ ಶೆಟ್ಟರ್ ಅವರು ಪ್ರಾಕೃತವು ಹೇಗೆ ವ್ಯಾಪಕವಾಗಿತ್ತು ಎಂಬ ವಿಷಯವನ್ನು ಚರ್ಚಿಸುತ್ತಾರೆ. ಹಾಗೆಯೇ ಈ ಕೃತಿಯು ದಕ್ಷಿಣ ಭಾರತದ ಭಾಷಾಸ್ವರೂಪವನ್ನು ವಿವರಿಸುತ್ತದೆ. ಪ್ರಾಕೃತ ಭಾಷಾವಲಯಕ್ಕೆ ಅಶೋಕನ ಕೊಡುಗೆ ಅಪಾರವಾದುದು. ಅಶೋಕ, ಬೌದ್ಧ ಧರ್ಮವನ್ನು ಸ್ವೀಕರಿಸಿ ಅದನ್ನು ತನ್ನ ಪ್ರಜಾಜನರಲ್ಲಿ ಪ್ರಚಾರ ಮಾಡುವಾಗ ಅವನು ಸ್ಥಾಪಿಸಿದ ಸ್ತೂಪಗಳು ಬರೆಸಿದ ಗದ್ದಲಯ ಶಿಲಾಶಾಸನಗಳು ಎಲ್ಲವೂ ಪ್ರಾಕೃತಭಾಷೆಯಲ್ಲೇ ಇವೆ.ಪ್ರಾಕೃತಭಾಷೆಯ ಪದಗಳನ್ನು ನಾವು ಕನ್ನಡದಲ್ಲಿಯೂ ಕಾಣುತ್ತೇವೆ. ಈ ಪ್ರಾಕೃತ ಶಬ್ದಗಳು ಕನ್ನಡದಲ್ಲಿ ಹೇಗೆ ಬಳಕೆಗೆ ಬಂದವು ಎಂದು ವಿವರಿಸಲಾಗಿದೆ. ಸಮಾಜ, ಧರ್ಮ,ಈ ಕೃತಿಯು ರಾಜಕೀಯ ಹಾಗೂ ಭಾಷೆ ಇವುಗಳಿಗಿರುವ ಸಂಬಂಧವನ್ನೂ ವಿಶ್ಲೇಷಿಸುತ್ತದೆ. |
| 906 ## - LOCAL DATA ELEMENT F, LDF (RLIN) | |
| a | 073080 |
| 942 ## - ADDED ENTRY ELEMENTS (KOHA) | |
| Source of classification or shelving scheme | Dewey Decimal Classification |
| Koha item type | Book |
| Withdrawn status | Lost status | Source of classification or shelving scheme | Damaged status | Not for loan | Collection code | Home library | Current library | Shelving location | Date acquired | Source of acquisition | Cost, normal purchase price | Total Checkouts | Full call number | Barcode | Date last seen | Price effective from | Koha item type |
|---|---|---|---|---|---|---|---|---|---|---|---|---|---|---|---|---|---|
| Dewey Decimal Classification | Kannada | St Aloysius Library | St Aloysius Library | 02/17/2021 | Navakarnataka Publication Pvt Ltd Mangalore | 250.00 | K494 SHEP | 073080 | 02/17/2021 | 02/17/2021 | Book |